| 000 | 01816cad a22002055a 4500 | ||
|---|---|---|---|
| 001 | L141362 | ||
| 008 | 071119s2007 xxk f v 000 0 eng d | ||
| 035 | _a(Sirsi) u141362 | ||
| 041 | 0 | _aeng | |
| 245 | 0 | 0 |
_aShirley and others v Crabtree _h[electronic resource] |
| 260 | _c2007 | ||
| 520 | _a[2007] EWHC 1532, [2007] PLSCS 139, 27 June 2007. The appellants (S) appealed against a decision that the respondent (C) was entitled to take on the tenancy of an agricultural holding upon her father's retirement. The Agricultural Lands Tribunal had found that as required by section 57 of the Agricultural Holdings Act, C had derived her principal source of livelihood from the holding for five of the last seven years. The tribunal made this judgment based on the seven year period ending at the date of C's father's retirement notice. S argued that C also had to fulfil this requirement in the seven years up to the date of the hearing. They relied upon section 53(5) of the Act's statement that S should have "not subsequently ceased to be such a person". "Held": Section 50(2)(a) of the Act could only be taken to mean that the seven year period should end upon the date of retirement notice. Nothing in the section indicated that eligibility by livelihood, once attained, could be lost. S's proposals would cause considerable confusion in cases where hearings were held after a considerable delay following a retirement notice. Appeal dismissed. | ||
| 590 | _aKA | ||
| 650 | 2 | 4 | _aSHIRLEY AND OTHERS V CRABTREE |
| 650 | 2 | 4 | _aAGRICULTURAL HOLDINGS ACT 1986 |
| 651 | 4 |
_aEngland and Wales _y1543- |
|
| 690 | _aPROPERTY-LANDLORD AND TENANT-TENANCIES-AGRICULTURAL TENANCIES | ||
| 856 | 4 | 0 |
_uhttps://www.bailii.org/ew/cases/EWHC/Admin/2007/1532.html _zView the judgment free of charge at www.bailii.org... |
| 942 | _n0 | ||
| 999 |
_c79471 _d79471 |
||